000 00903nam a2200289 4500
003 EG-GICUC
005 20260330134909.0
008 260330s1955 -us||||fr|||| 001 0 eng d
040 _aEG-GiCUC
_beng
_cEG-GiCUC
_dEG-GiCUC
_erda
041 0 _aeng
082 0 4 _221
_a341.33
_bBE . U
092 0 4 _221
099 _aLaw1 341.33 BE . U 1955
100 1 _aBemis, Samuel Flagg
_eAuthor.
245 1 4 _aThe united states as a world power :
_bA diplomatic history 1900- 1955 /
_cSamuel Flagg Bemis.
264 1 _aNew York :
_bHenry Holt,
_c1955.
300 _a516 pages ;
_c24 cm
336 _2rda content
_atext
337 _2rda media
_aComputer
338 _2rda carrier
_aOnline Resource
500 _aIncludes index.
546 _aText in English
650 1 4 _aPublic international law
856 4 0 _uhttps://fll.law.cu.edu.eg/fulltext/bks/B11-06503.pdf
905 _a30
942 _2ddc
_cBK
_e21
_n0
999 _c67576
_d67576